| 000 | 00680nam a22002177a 4500 | ||
|---|---|---|---|
| 001 | 75774 | ||
| 003 | BD-RjUL | ||
| 005 | 20211209082738.0 | ||
| 008 | 190702s2013 bd ||||| b||| 00| 0 ben d | ||
| 020 | _a9847000002228 | ||
| 035 | _a(BD-RjUL)75993 | ||
| 040 |
_aBD-RjUL _beng _cBD-RjUL |
||
| 041 | _aeng | ||
| 082 |
_223 _a891.443 _bROK 2013 |
||
| 100 |
_aরউফ, আবদুর _9232161 |
||
| 245 |
_aকর্বট কন্যা / _cআবদুর রউফ |
||
| 260 |
_aঢাকা : _bদারুচিনি প্রকাশনী, _c২০১৩ |
||
| 300 |
_a১৬৩ পৃ. ; _c২২ সেমি. |
||
| 650 |
_aBengali fiction _9232162 |
||
| 942 |
_2ddc _cBK |
||
| 999 |
_c75774 _d75774 |
||